000 00781nam0a22002531 4500
001 rc\20435
005 20250620120201.0
010 _a5-85608-026-2
_9100000
035 _a(NLR Aleph) 005307779
090 _a6354736
_c6354736
100 _a20021204d1993 |||y0rusy50 ca
101 0 _arus
102 _aRU
105 _ay |||||||||
200 1 _aВеликая криминальная революция
210 _aМ.
_cАндреев. флаг
_d1993
215 _a126 с.
_d20
225 1 _aЖребий России
700 1 _4070
_7ca
_8rus
_aГоворухин
_bС. С.
_f1936-2018
_gСтанислав Сергеевич
_9159317
_3RU\NLR\AUTH\770159358
801 0 _aRU
_bNLR
_gpsbo
801 1 _aRU
_bELAR
_2rusmarc
852 _aNLR
_j93-3/8382
942 _cBOOK
980 _aNB